Ivan Stanisavljevic
Duke A
Categories
Literature - British Literature | 0 | 2 | 0 | 0 | 20 | 114 | 120.50 | 0 | 2 |
Religion | 0 | 2 | 0 | 1 | 20 | 99 | 114.50 | 1 | 2 |
Literature - World Literature | 0 | 2 | 0 | 0 | 20 | 111 | 123.00 | 0 | 2 |
Mythology | 0 | 2 | 0 | 0 | 20 | 80 | 91.50 | 1 | 2 |
Literature - European Literature | 0 | 1 | 0 | 0 | 10 | 138 | 138.00 | 0 | 1 |
History - American History | 0 | 1 | 0 | 0 | 10 | 115 | 115.00 | 0 | 1 |
Pop Culture | 0 | 1 | 0 | 0 | 10 | 127 | 127.00 | 0 | 1 |
Science - Other Science | 0 | 1 | 1 | 0 | 5 | 87 | 87.00 | 0 | 1 |
Literature - American Literature | 0 | 1 | 1 | 0 | 5 | 104 | 104.00 | 1 | 1 |
Fine Arts - Other Fine Arts | 0 | 0 | 0 | 0 | 0 | 0.00 | 0 | 0 |